[Event "Wch U16 Girls"]
[Site "Oropesa del Mar"]
[Date "1999.10.25"]
[Round "2"]
[White "Khukhashvili, Sopio"]
[Black "Stiri, Alexandra"]
[Result "1-0"]
[WhiteElo "2206"]
[BlackElo "2041"]

1.e4 c5 2.Nf3 Nc6 3.d4 cxd4 4.Nxd4 Qc7 5.Nc3 e6 6.Be2 a6 7.O-O Nf6 8.Be3 Bb4
9.Na4 Be7 10.Nxc6 bxc6 11.Nb6 Rb8 12.Nxc8 Qxc8 13.e5 Nd5 14.Bc1 Bc5 15.c4 Ne7
16.b3 Qc7 17.Bb2 d6 18.exd6 Bxd6 19.g3 Be5 20.Bxe5 Qxe5 21.Bf3 c5 22.Qc2 O-O
23.Be4 Kh8 24.Rae1 Qc7 25.Qe2 Rbd8 26.Bb1 Nc6 27.Qh5 f5 28.Rxe6 Nd4 29.Re3 g6
30.Qh3 f4 31.gxf4 Qxf4 32.Qg3 Nf3+ 33.Kg2 Nh4+ 34.Kh3 Rd4 35.Qxf4 Rfxf4 36.f3 Rd2
37.Kg3 g5 38.Re8+ Kg7 39.Re7+ Kg8 40.Bxh7+ Kf8 41.Re5 Rg2+ 42.Kh3 Rf6 43.Bb1 Rh6
44.Rfe1 Rf2 45.Re8+ Kf7 46.R1e7+ Kf6 47.Re6+ Kg7 48.Rxh6 Kxh6 49.Be4 Nxf3
50.Kg3  1-0

[Event "Wch U16"]
[Site "Oropesa del Mar"]
[Date "1999.10.27"]
[Round "4"]
[White "Dominguez, Lenier"]
[Black "Perez Candelario, Manuel"]
[Result "1-0"]
[WhiteElo "2506"]
[BlackElo "2236"]

1.e4 c5 2.Nf3 Nc6 3.d4 cxd4 4.Nxd4 Qb6 5.Nb3 e6 6.Bd3 Be7 7.Nc3 Qc7 8.f4 d6
9.Qe2 a6 10.Bd2 b5 11.a3 Nf6 12.g4 Nd7 13.g5 Bb7 14.Rf1 Nc5 15.Be3 O-O-O
16.Qf2 Nb8 17.Nd4 Nbd7 18.O-O-O Kb8 19.Kb1 Rc8 20.Qe2 Nb6 21.f5 e5 22.Nb3 Nca4
23.Nxa4 Nxa4 24.f6 gxf6 25.gxf6 Bf8 26.Rg1 h5 27.Bd2 Nc5 28.Ba5 Qc6 29.Bb4 Nxb3
30.cxb3 Qb6 31.Bc2 h4 32.Qd2 Rc6 33.Rg2 d5 34.exd5 Rxf6 35.Bc3 Bd6 36.Qg5 Bc7
37.Bxe5 Bxe5 38.Qxe5+ Qd6 39.Qd4 h3 40.Rg3 Rfh6 41.b4 Rd8 42.Bb3 f5 43.Rdd3 Ka8
44.Ka1 Rdh8 45.Rdf3 Rh5 46.Rxf5 Qxg3 47.hxg3 h2 48.Rf1 h1=Q 49.Rxh1 Rxh1+
50.Ka2 Rd8 51.d6 Rh6 52.d7 Bc6 53.Qf4 Rg6 54.Bf7  1-0

[Event "Wch U18"]
[Site "Oropesa del Mar"]
[Date "1999.10.27"]
[Round "4"]
[White "Bar, Roman"]
[Black "Boer, Levente"]
[Result "0-1"]
[WhiteElo "2324"]
[BlackElo "2199"]

1.e4 c5 2.Nf3 Nc6 3.d4 cxd4 4.Nxd4 Qc7 5.Nb5 Qb8 6.c4 Nf6 7.N5c3 e6 8.f4 d6
9.Be2 Be7 10.O-O O-O 11.Be3 b6 12.Nd2 Bb7 13.Bf3 Rd8 14.a3 Bf8 15.Bf2 Ne7
16.Qe2 d5 17.cxd5 exd5 18.e5 Ne8 19.Nb3 Nc7 20.Rfd1 Ne6 21.g3 g5 22.f5 Nxf5
23.Nxd5 Kh8 24.Rac1 Bg7 25.g4 Nh4 26.Bxh4 gxh4 27.Ne7 Bxf3 28.Qxf3 Qxe5 29.Rxd8+ Rxd8
30.Nc6 Qd5 31.Rf1 Qxf3 32.Rxf3 Rd1+ 33.Kg2 Rb1 34.Rf2 Rxb2 35.Rxb2 Bxb2 36.a4 a5
37.Nb8 Nc5 38.Nxc5 bxc5 39.Kf3 c4 40.Ke4 c3 41.Kd3 c2 42.Kxc2 Be5 43.Nc6 Bxh2
44.Kd3 Bc7 45.Ke4 h3 46.Kf3 Kg7 47.Nd4 Kf6  0-1

[Event "Wch U18"]
[Site "Oropesa del Mar"]
[Date "1999.10.29"]
[Round "6"]
[White "Fedorchuk, Sergey A"]
[Black "Boer, Levente"]
[Result "1-0"]
[WhiteElo "2457"]
[BlackElo "2199"]

1.e4 c5 2.Nf3 Nc6 3.d4 cxd4 4.Nxd4 Qc7 5.Nc3 e6 6.Be3 a6 7.Bd3 Nf6 8.O-O Bd6
9.h3 Bf4 10.Bxf4 Qxf4 11.Nde2 Qc7 12.f4 d6 13.Qe1 O-O 14.Qh4 h6 15.a3 Ne7
16.Rae1 Bd7 17.Kh1 Qc5 18.Qg3 Nc6 19.b4 Qh5 20.Ng1 Nd4 21.e5 dxe5 22.fxe5 Nd5
23.Ne4 Nf5 24.Qf2 Qh4 25.Qxh4 Nxh4 26.c4 Ne7 27.Nd6 Bc6 28.Be4 Bxe4 29.Rxe4 Nhf5
30.Ne2 Rfd8 31.c5 b6 32.g4 Nxd6 33.exd6 Nd5 34.Nf4 bxc5 35.bxc5 Rac8 36.Nxd5 exd5
37.Re7 Rxc5 38.d7 f6 39.Re8+ Kf7 40.Rxd8 Ke7 41.Rc8  1-0

[Event "Wch U14"]
[Site "Oropesa del Mar"]
[Date "1999.10.31"]
[Round "7"]
[White "Efimenko, Zahar"]
[Black "Miljkovic, Miroslav"]
[Result "1-0"]
[WhiteElo "2332"]
[BlackElo "2200"]

1.e4 c5 2.Nf3 Nc6 3.d4 cxd4 4.Nxd4 Qc7 5.Nc3 e6 6.Be2 a6 7.O-O Nf6 8.Be3 Bb4
9.Na4 Ne7 10.c4 Nxe4 11.Qc2 Nf6 12.c5 Ned5 13.a3 Ba5 14.b4 Nxe3 15.fxe3 b5
16.Bf3 Rb8 17.Nb2 Qe5 18.bxa5 Qxe3+ 19.Qf2 Qe5 20.Nd3 Qc7 21.Qg3 Qxg3 22.hxg3 Bb7
23.c6 dxc6 24.Nxc6 Bxc6 25.Bxc6+ Ke7 26.Nb4 Ng4 27.Nxa6 Rbd8 28.Nb4  1-0

[Event "28th It"]
[Site "Lazarevac YUG"]
[Date "1999.11.01"]
[Round "2"]
[White "Kovacevic,A"]
[Black "Perunovic,Mil"]
[Result "1-0"]
[WhiteElo "2478"]
[BlackElo "2319"]

1.e4 c5 2.Nf3 Nc6 3.d4 cxd4 4.Nxd4 Qc7 5.Nc3 e6 6.Be2 a6 7.O-O Nf6 8.Be3 Bb4
9.Na4 Be7 10.c4 Nxe4 11.c5 O-O 12.g3 e5 13.Nf5 d5 14.cxd6 Bxd6 15.Nxd6 Qxd6
16.f3 Qxd1 17.Rfxd1 Nf6 18.Nb6 Rb8 19.Bc5 Nd4 20.Bxf8 Kxf8 21.Kf2 Be6 22.Bc4 Bf5
23.g4 Nd7 24.Nd5 Bc2 25.Rd2 Rc8 26.Ne3 Ba4 27.Bd5 Rc7 28.f4 f6 29.fxe5 fxe5
30.g5 Nb6 31.Be4 Bb5 32.Re1 Nc4 33.Nxc4 Bxc4 34.a3 g6 35.Ke3 Be6 36.Kf2 Rf7+
37.Kg2 Bf5 38.Bxf5 Rxf5 39.Rf2 Nc6 40.Ref1 Nd4 41.Re1 Nc6 42.h4 Ke7 43.Re3 Ke6
44.Rb3 b5 45.Rc3 Nd4 46.Rc7 e4 47.Rxf5 gxf5 48.h5 f4 49.g6 hxg6 50.hxg6  1-0

[Event "Wch U14"]
[Site "Oropesa del Mar"]
[Date "1999.11.02"]
[Round "9"]
[White "Barglowski, Filip"]
[Black "Miljkovic, Miroslav"]
[Result "1-0"]
[WhiteElo "2143"]
[BlackElo "2200"]

1.e4 c5 2.Nf3 Nc6 3.d4 cxd4 4.Nxd4 Qc7 5.Nc3 e6 6.Be3 a6 7.Bd3 b5 8.Nxc6 dxc6
9.O-O c5 10.e5 Bb7 11.Be4 Bxe4 12.Nxe4 Qxe5 13.Qf3 Rc8 14.Rad1 Be7 15.Bf4 Qxb2
16.Nd6+ Bxd6 17.Qb7 Ne7 18.Bxd6 O-O 19.Bxe7 Rfe8 20.Rd7 Qxc2 21.Rfd1 h6 22.Bd8 Rcxd8
23.Rxd8 Kh7 24.g3 Rxd8 25.Rxd8 Qf5 26.Kg2 c4 27.Qf3  1-0

[Event "Chigorin mem"]
[Site "St Petersburg"]
[Date "1999.11.02"]
[Round "1"]
[White "Loskutov, Oleg"]
[Black "Neverov, Valeriy"]
[Result "1-0"]
[WhiteElo "2359"]
[BlackElo "2549"]

1.e4 c5 2.Nf3 Nc6 3.d4 cxd4 4.Nxd4 Qb6 5.Nb3 Nf6 6.Nc3 e6 7.Bd3 d6 8.O-O a6
9.Be3 Qc7 10.f4 Be7 11.Na4 Nd7 12.c4 O-O 13.Rc1 b6 14.Nc3 Nc5 15.Bb1 Bb7
16.Qh5 g6 17.Qh3 f5 18.exf5 gxf5 19.g4 Kh8 20.gxf5 Nb4 21.Nxc5 dxc5 22.fxe6 Rg8+
23.Kf2 Rg2+ 24.Ke1 Rg7 25.a3 Bg2 26.Qh6 Bxf1 27.Kxf1 Rf8 28.Ke2 Rf6 29.Qh3 Qc6
30.Rg1 Qxe6 31.Qxe6 Rxe6 32.Rxg7 Kxg7 33.axb4 Rh6 34.Bg1 cxb4 35.Ne4 Rh3
36.Nf2 Rh4 37.Nd3 a5 38.b3 Rh3 39.Kf1 Bc5 40.Kg2 Rh4 41.Nxc5 Rg4+ 42.Kh1 bxc5
43.Be3 Kf6 44.Be4 h5 45.Bc6 Rg6 46.Bxc5 Kf5 47.Bb5 Kxf4 48.Bg1 Ke5 49.c5 Kd5
50.c6 Rxc6 51.Bxc6+ Kxc6 52.Kg2 Kd5 53.Kf3 a4 54.Ke3 axb3 55.Kd2 Ke4 56.Bc5 h4
57.Bxb4 Kf3 58.Kc3  1-0

[Event "28th It"]
[Site "Lazarevac YUG"]
[Date "1999.11.03"]
[Round "4"]
[White "Pikula,D"]
[Black "Ivanisevic,I"]
[Result "1/2-1/2"]
[WhiteElo "2480"]
[BlackElo "2447"]

1.e4 c5 2.Nf3 Nc6 3.d4 cxd4 4.Nxd4 Qc7 5.Nc3 e6 6.Be3 a6 7.Bd3 Nf6 8.O-O Ne5
9.h3 Bc5 10.Kh1 d6 11.Qe1 O-O 12.a3 Bd7 13.f4 Ng6 14.Qf2 Rac8 15.Nde2 Bxe3
16.Qxe3 Qc5 17.Qg3 e5 18.f5 Ne7 19.Rf3 d5 20.Qxe5 dxe4 21.Qxc5 Rxc5 22.Nxe4 Nxe4
23.Bxe4 Bxf5 24.Bxb7 Rxc2 25.Re3 Ng6 26.b4 Bc8 27.Bd5  1/2-1/2

[Event "Wch U18 Girls"]
[Site "Oropesa del Mar"]
[Date "1999.11.05"]
[Round "11"]
[White "Jurkiewicz, Katarzyna"]
[Black "Javakhishvili, Lela"]
[Result "1/2-1/2"]
[WhiteElo "2225"]
[BlackElo "2181"]

1.e4 c5 2.Nf3 Nc6 3.d4 cxd4 4.Nxd4 Qc7 5.Nb5 Qb8 6.Bd3 Nf6 7.Be3 a6 8.N5c3 e6
9.Nd2 b5 10.O-O Be7 11.f4 d6 12.a4 b4 13.Ne2 Ng4 14.Bf2 Nxf2 15.Rxf2 O-O  1/2-1/2

[Event "Wch U18"]
[Site "Oropesa del Mar"]
[Date "1999.11.05"]
[Round "11"]
[White "Stojanovski, Dejan"]
[Black "Bar, Roman"]
[Result "1/2-1/2"]
[WhiteElo "2231"]
[BlackElo "2324"]

1.e4 c5 2.Nf3 Nc6 3.d4 cxd4 4.Nxd4 Qc7 5.Nc3 e6 6.Be3 a6 7.Bd3 b5 8.Nxc6 Qxc6
9.a3 Bb7 10.O-O Nf6 11.Re1 Be7 12.Qf3 d6 13.Rad1 O-O 14.Bd4 Nd7 15.Nd5 Rae8
16.Qg3 g6 17.Nxe7+ Rxe7 18.e5 dxe5 19.Be4 Qc7 20.Bxb7 Qxb7 21.Bxe5 Nxe5 22.Qxe5 Rd7
23.h3 Rfd8 24.Qe2 Rd5 25.Rxd5 Qxd5 26.Rc1 Qd4 27.c3 Qd2 28.Rc2 Qxe2 29.Rxe2 Rd1+
30.Kh2 Kf8 31.Kg3 Ke7 32.Rc2 Rb1 33.Kf4 f6 34.Ke4 Kd6 35.c4 f5+  1/2-1/2

[Event "28th It"]
[Site "Lazarevac YUG"]
[Date "1999.11.07"]
[Round "7"]
[White "Zontakh,A"]
[Black "Perunovic,Mil"]
[Result "1/2-1/2"]
[WhiteElo "2535"]
[BlackElo "2319"]

1.e4 c5 2.Nf3 Nc6 3.d4 cxd4 4.Nxd4 Qc7 5.Nc3 e6 6.Be3 a6 7.Qd2 Nf6 8.O-O-O Bb4
9.f3 Ne5 10.Nb3 b5 11.Bd4 Bb7 12.Qe3 Rc8 13.Be2 Ng6 14.Kb1 e5 15.Bb6 Qb8
16.g4 d5 17.Nxd5 Bxd5 18.exd5 Nf4 19.d6 Bxd6 20.Ba5 O-O 21.g5 N6d5 22.Qe4 f5
23.gxf6 Nxf6 24.Qe3 Bc7 25.Bxc7 Qxc7 26.Bd3 N6d5 27.Qf2 Nxd3 28.Rxd3 Nb4
29.Rc3 Qf7 30.Rxc8 Rxc8 31.Rc1 a5 32.Qd2 Qc4 33.c3 Nc6 34.Qe3 Rd8 35.Nd2 Qf4
36.Qxf4 exf4 37.Kc2 Ne5 38.a4 bxa4 39.Ra1 Nd3 40.Nc4 Nc5 41.Re1 Rd5 42.Nxa5 Nd3
43.Rd1 Rxa5 44.Rxd3 Kf7 45.c4 Ke6 46.Ra3 Rh5 47.Rxa4 Rxh2+ 48.Kd3 Rxb2 49.Ke4 g5
50.Ra6+ Kf7 51.Kf5 Rc2 52.Ra7+ Ke8 53.Kxg5 Rxc4  1/2-1/2

[Event "28th It"]
[Site "Lazarevac YUG"]
[Date "1999.11.08"]
[Round "8"]
[White "Govedarica,R"]
[Black "Ivanisevic,I"]
[Result "0-1"]
[WhiteElo "2476"]
[BlackElo "2447"]

1.e4 c5 2.Nf3 Nc6 3.d4 cxd4 4.Nxd4 Qc7 5.Nb5 Qb8 6.c4 Nf6 7.N5c3 b6 8.f4 e5
9.f5 Nd4 10.Bd3 Bc5 11.a3 a5 12.Bg5 Bb7 13.Nd2 Qd6 14.Nf1 g6 15.fxg6 hxg6
16.Be3 Nh5 17.Qg4 Nf4 18.Rd1 f5 19.exf5 Nxd3+ 20.Rxd3 gxf5 21.Qg5 Qe6 22.Nd5 Bxd5
23.cxd5 Qxd5 24.Qxf5 O-O-O 25.Bxd4 Rhf8 26.Ne3 Rxf5 27.Nxd5 exd4 28.b4 Re8+
29.Kd1 Rxd5 30.bxc5 bxc5 31.Kc2 Kc7 32.h4 Kc6 33.g4 c4 34.Rd2 Kc5 35.h5 Rb8
36.h6 d3+ 37.Kc1 c3 38.Rf2 Kc4 39.h7 d2+  0-1

[Event "ch-ESP (team) Div 2"]
[Site "Cala Galdana ESP"]
[Date "1999.11.11"]
[Round "4"]
[White "Martinez Penalver,J"]
[Black "Alvarez Ibarra,R"]
[Result "0-1"]
[WhiteElo "2199"]
[BlackElo "2401"]

1.e4 c5 2.Nf3 Nc6 3.d4 cxd4 4.Nxd4 Qb6 5.Nxc6 dxc6 6.Bc4 Nf6 7.Qe2 e5 8.Nc3 Bc5
9.h3 O-O 10.O-O Bd4 11.Nd1 Qc7 12.c3 Bb6 13.Bg5 Nd7 14.Ne3 Nc5 15.Nf5 Ne6
16.Be7 Nf4 17.Qf3 Re8 18.Bd6 Qd8 19.Bxe5 Nxh3+ 20.gxh3 Rxe5 21.Rad1 Qg5+
22.Ng3 Bxh3 23.Rfe1 Rf8 24.Kh2 Bg4  0-1

[Event "28th It"]
[Site "Lazarevac YUG"]
[Date "1999.11.11"]
[Round "11"]
[White "Ninov,N"]
[Black "Perunovic,Mil"]
[Result "1-0"]
[WhiteElo "2454"]
[BlackElo "2319"]

1.e4 c5 2.Nf3 Nc6 3.d4 cxd4 4.Nxd4 Qc7 5.f3 Nf6 6.c4 e6 7.Nc3 a6 8.Be3 Bd6
9.g3 h5 10.Qd2 Nxd4 11.Bxd4 e5 12.Be3 Bc5 13.Bxc5 Qxc5 14.O-O-O b5 15.Nd5 bxc4
16.Qg5 Kf8 17.Qxe5 Rh6 18.Qd4 Qxd4 19.Rxd4 Nxd5 20.exd5 a5 21.Bxc4 Ba6 22.Bxa6 Raxa6
23.Re1 Rhf6 24.f4 Rab6 25.b3 g6 26.Kb2 Rfd6 27.Ka3 Rb5 28.Ka4 Rc5 29.Red1 Ke7
30.a3 Rb6 31.d6+ Ke6 32.Re1+ Kf6 33.Re7 Rb7 34.Rc4 Rd5 35.Rc7 Rd4+ 36.b4 Rb8
37.Kxa5 Rd5+ 38.Ka4 Ra8+ 39.Kb3 Rd3+ 40.Kc4 Raxa3 41.Rexd7  1-0

[Event "ESP-chT Div 1"]
[Site "Cala Galdana"]
[Date "1999.11.12"]
[Round "5"]
[White "Rodriguez, Amador"]
[Black "Magem Badals, Jorge"]
[Result "1/2-1/2"]
[WhiteElo "2477"]
[BlackElo "2528"]

1.e4 c5 2.Nf3 Nc6 3.d4 cxd4 4.Nxd4 Qc7 5.Nb5 Qb8 6.Bd3 a6 7.N5c3 b5 8.O-O e6
9.Be3 Nf6 10.Nd2 Ne5 11.h3 Bb7 12.Bf4 Nxd3 13.cxd3 Be7 14.Nb3 O-O 15.Na5 Rc8
16.Rc1 d5 17.e5 Nd7 18.a3  1/2-1/2

[Event "ESP-chT Div 1"]
[Site "Cala Galdana"]
[Date "1999.11.13"]
[Round "6"]
[White "Moreno, Javier"]
[Black "De la Riva Aguado, Oscar"]
[Result "1/2-1/2"]
[WhiteElo "2474"]
[BlackElo "2458"]

1.e4 c5 2.Nf3 Nc6 3.d4 cxd4 4.Nxd4 Qc7 5.Nc3 e6 6.Be3 a6 7.Bd3 Nf6 8.O-O Ne5
9.h3 Bc5 10.Na4 Ba7 11.c4 O-O 12.Rc1 Rd8 13.Bb1 d6 14.b3 h6 15.Qd2 Bd7 16.Nc3 Bc5
17.f4 Nc6 18.Qf2 Nxd4 19.Bxd4 Bxd4 20.Qxd4 Rac8 21.Qe3 Be8 22.Rfd1  1/2-1/2

[Event "World Seniors"]
[Site "Gladenbach GER"]
[Date "1999.11.18"]
[Round "9"]
[White "Suetin,A"]
[Black "Rosen,W"]
[Result "0-1"]
[WhiteElo "2382"]
[BlackElo "2276"]

1.e4 c5 2.Nf3 Nc6 3.d4 cxd4 4.Nxd4 Qb6 5.Nb3 Nf6 6.Nc3 e6 7.Bd3 a6 8.O-O Be7
9.a4 Qc7 10.f4 d6 11.a5 b5 12.axb6 Qxb6+ 13.Kh1 O-O 14.Na4 Qc7 15.c3 Rb8
16.Bc2 Rd8 17.Qe2 Rb5 18.Be3 e5 19.fxe5 Nxe5 20.Nd4 Rb8 21.Nf5 Bf8 22.Bg5 Ned7
23.Rad1 Re8 24.Nh6+ gxh6 25.Bxf6 Nxf6 26.Rxf6 Rb5 27.Rdf1 Be6 28.b4 Bg7 29.R6f2 Qc6
30.Bd3 Rg5 31.Qc2 h5 32.c4 Bd4 33.b5 axb5 34.cxb5 Qa8 35.Rd2 Rc8 36.Qd1 Qa5
37.Bc2 Qxb5 38.Rxd4 Rxc2 39.Rg1 Bb3 40.Rxd6 Qxa4 41.Rd8+ Kg7 42.Qd6 Qxe4
43.Qf8+ Kg6 44.Qg8+ Kh6 45.Qf8+ Rg7 46.Rc8 Rxg2  0-1

[Event "ch-ARG Najdorf mem"]
[Site "Buenos Aires ARG"]
[Date "1999.11.23"]
[Round "5"]
[White "Giaccio,A"]
[Black "Panno,O"]
[Result "1-0"]
[WhiteElo "2505"]
[BlackElo "2454"]

1.e4 c5 2.Nf3 Nc6 3.d4 cxd4 4.Nxd4 Qb6 5.Nb3 Nf6 6.Nc3 e6 7.Be3 Qc7 8.f4 d6
9.Qf3 a6 10.g4 b5 11.g5 Nd7 12.O-O-O Rb8 13.h4 Nb6 14.Kb1 Na4 15.Bd2 g6 16.Be1 Bg7
17.h5 Ne7 18.e5 Nxc3+ 19.Bxc3 Qb7 20.Qxb7 Bxb7 21.h6 Bxh1 22.hxg7 Rg8 23.exd6 Nd5
24.Be5 Bf3 25.Rd3 Be4 26.Rd4 Bf5 27.Nc5 f6 28.gxf6 Kf7 29.Rxd5 exd5 30.Bg2 Be6
31.b4 Rgd8 32.f5 gxf5 33.Bf3  1-0

[Event "ch-ARG Najdorf mem"]
[Site "Buenos Aires ARG"]
[Date "1999.11.23"]
[Round "5"]
[White "Ricardi,P"]
[Black "Spangenberg,H"]
[Result "1-0"]
[WhiteElo "2474"]
[BlackElo "2531"]

1.e4 c5 2.Nf3 Nc6 3.d4 cxd4 4.Nxd4 Qb6 5.Nb3 Nf6 6.Nc3 e6 7.Be2 a6 8.O-O Qc7
9.f4 d6 10.a4 b6 11.Qe1 Be7 12.e5 dxe5 13.fxe5 Nxe5 14.Bf4 Nfd7 15.Rd1 g5
16.Bg3 h5 17.Bf3 Ra7 18.Kh1 g4 19.Rxd7 Qxd7 20.Qxe5 f6 21.Qe4 gxf3 22.Rd1 f5
23.Rxd7 Rxd7 24.Qe5 Rg8 25.gxf3 h4 26.Bxh4 Bb7 27.Bg3 Bxf3+ 28.Kg1 Kf7 29.a5 Bf6
30.Qe3 Ba8 31.axb6 e5 32.Nc5 f4 33.Qe2 fxg3 34.Qh5+ Ke7 35.Nxd7 gxh2+ 36.Kxh2 Rg2+
37.Kh3 Kxd7  1-0

[Event "Eu Team Ch (women)"]
[Site "Batumi GEO"]
[Date "1999.11.30"]
[Round "2"]
[White "Hunt,H"]
[Black "Botsari,A"]
[Result "1/2-1/2"]
[WhiteElo "2420"]
[BlackElo "2309"]

1.e4 c5 2.Nf3 Nc6 3.d4 cxd4 4.Nxd4 Qc7 5.Nc3 e6 6.Be2 a6 7.O-O Nf6 8.Kh1 Nxd4
9.Qxd4 Bc5 10.Qd3 b5 11.f4 Bb7 12.Bf3 h5 13.Bd2 h4 14.b4 Ba7 15.Rae1 Rc8
16.a4 bxa4 17.b5 Qc4 18.b6 Bb8 19.Ra1 g5 20.fxg5 Qc5 21.Ne2 Nxe4 22.Bxe4 Qe5
23.Bf4 Qxe4 24.Qxe4 Bxe4 25.Rxa4 Bc6 26.Rb4 h3 27.Kg1 hxg2 28.Rf2 e5 29.b7 Rd8
30.Be3 Bd6 31.Rb1 Rb8 32.Rf6 Bc7 33.Rxc6 dxc6 34.Ba7 e4 35.Bxb8 Bxb8 36.Ng3 Rh4
37.Re1 a5 38.Nxe4 Kd8 39.Rd1+ Ke7 40.Ng3 Bxg3 41.hxg3 Rb4 42.Ra1 Rxb7 43.Rxa5 Rb2  1/2-1/2

[Event "Eu Team Ch (women)"]
[Site "Batumi GEO"]
[Date "1999.12.01"]
[Round "3"]
[White "Zatonskih,A"]
[Black "Cosma,E"]
[Result "1/2-1/2"]
[WhiteElo "2414"]
[BlackElo "2388"]

1.e4 c5 2.Nf3 Nc6 3.d4 cxd4 4.Nxd4 Qc7 5.Nc3 e6 6.Be3 a6 7.Be2 Nf6 8.O-O Bb4
9.Na4 Be7 10.Nxc6 bxc6 11.Nb6 Rb8 12.Nxc8 Qxc8 13.Bd4 c5 14.Be5 Rb6 15.b3 Nxe4
16.Bxg7 Rg8 17.Be5 Bf6 18.f4 Nc3 19.Qd3 Nxe2+ 20.Qxe2 Be7 21.c4 Qa8 22.Rf3 d6
23.Bc3 d5 24.cxd5 Qxd5 25.Be5 Qc6 26.Rd1 Rb4 27.Rfd3 Qe4 28.Qd2 f6 29.Bc3 Rb7
30.Re1 Qf5 31.Qe2 Kf7 32.Kh1 Rd8 33.Rh3 Rd6 34.Rh5 Qd3 35.Qxd3 Rxd3 36.Rxh7+ Kg6
37.Rh3 Rxh3 38.gxh3 Kf5 39.Kg2 Bd6 40.Bd2 c4 41.Re3 Rd7 42.Rf3 Bb8 43.Rf2 cxb3
44.axb3 Rd4 45.h4 Bxf4 46.Be3 Re4 47.Bd2 Rd4 48.Be3 Re4 49.Bd2 Rd4 50.b4 Rd3  1/2-1/2

[Event "Eu Team Ch (women)"]
[Site "Batumi GEO"]
[Date "1999.12.01"]
[Round "3"]
[White "Grabics,M"]
[Black "Fakhiridou,E"]
[Result "0-1"]
[WhiteElo "2304"]
[BlackElo "2262"]

1.e4 c5 2.Nf3 Nc6 3.d4 cxd4 4.Nxd4 Qc7 5.Nc3 e6 6.f4 a6 7.Nxc6 Qxc6 8.Bd3 b5
9.Qe2 Bb7 10.a3 h5 11.Be3 Nf6 12.Bd4 Qc7 13.Be5 Qb6 14.h3 Be7 15.O-O-O Bc6
16.Kb1 h4 17.Bxf6 gxf6 18.f5 b4 19.axb4 Bxb4 20.Na2 Ba3 21.c3 a5 22.Ka1 Bd6
23.fxe6 dxe6 24.Bc4 Be5 25.Qg4 Ke7 26.Bxe6 Rhg8 27.Qe2 fxe6 28.Nc1 Qb5 29.c4 Qa4+
30.Kb1 Rg3 31.Rhe1 Rag8 32.Qf2 Rxg2 33.Qc5+ Kf7 34.Qa7+ Kg6 35.Nd3 Bxe4 36.Rxe4  0-1

[Event "Eu Team Ch"]
[Site "Batumi GEO"]
[Date "1999.12.04"]
[Round "5"]
[White "Berg,E"]
[Black "Fressinet,L"]
[Result "0-1"]
[WhiteElo "2348"]
[BlackElo "2440"]

1.e4 c5 2.Nf3 Nc6 3.d4 cxd4 4.Nxd4 Qc7 5.Nc3 e6 6.f4 a6 7.Be3 b5 8.Qf3 Bb7
9.Bd3 Nf6 10.O-O d6 11.a3 Na5 12.Kh1 Nc4 13.Bc1 Be7 14.b3 Nb6 15.Bb2 Nfd7
16.Qh5 g6 17.Qh3 e5 18.Nf3 Bf6 19.Nd1 exf4 20.Bxf6 Nxf6 21.Qh6 Nh5 22.Nf2 Qe7
23.Nh3 Qf8 24.Qg5 f6 25.Qh4 Qe7 26.Nxf4 Nxf4 27.Qxf4 O-O 28.a4 bxa4 29.bxa4 Nd7
30.Bc4+ Kh8 31.Bd5 Nc5 32.Rab1 Rab8 33.Rb6 Bxd5 34.Rxb8 Rxb8 35.exd5 Re8
36.h3 Ne4 37.Kh2 f5 38.Re1 Qc7 39.Ng5 Qc3 40.Re3 Qxc2 41.Rxe4 Rxe4 42.Qxd6 Kg7
43.Ne6+ Kh6 44.Qf8+ Kh5 45.Qe7 Qd2 46.Ng7+ Kh6 47.Nxf5+ gxf5 48.Qf6+ Kh5
49.Qxf5+ Kh6 50.Qxe4 a5 51.h4 Qd1 52.Qe6+ Kg7 53.Qe5+ Kg8 54.Qg3+ Kh8 55.Qc3+ Kg8
56.Qxa5  0-1

[Event "Eu Team Ch (women)"]
[Site "Batumi GEO"]
[Date "1999.12.06"]
[Round "7"]
[White "Grabarska,B"]
[Black "Flear,C"]
[Result "1/2-1/2"]
[WhiteElo "2293"]
[BlackElo "2232"]

1.e4 c5 2.Nf3 Nc6 3.d4 cxd4 4.Nxd4 Qc7 5.Nc3 e6 6.Be2 a6 7.O-O Nf6 8.Be3 Bb4
9.Na4 Be7 10.Nxc6 bxc6 11.Nb6 Rb8 12.Nxc8 Qxc8 13.e5 Nd5 14.Bc1 Bc5 15.c4 Ne7
16.b3 Ng6 17.Bb2 Qc7 18.Qd3 O-O 19.Qe4 d5 20.exd6 Bxd6 21.g3 c5 22.f4 Ne7
23.Bd3 g6 24.Qe1 Nc6 25.Rd1 Nd4 26.Be4 Be7 27.Bxd4 cxd4 28.Kg2 Rfd8 29.Rd3 a5  1/2-1/2

[Event "Eu Team Ch (women)"]
[Site "Batumi GEO"]
[Date "1999.12.06"]
[Round "8"]
[White "Bojkovic,N"]
[Black "Cosma,E"]
[Result "1/2-1/2"]
[WhiteElo "2424"]
[BlackElo "2388"]

1.e4 c5 2.Nf3 Nc6 3.d4 cxd4 4.Nxd4 Qc7 5.Nb5 Qb8 6.c4 Nf6 7.N5c3 e6 8.g3 b6
9.Bg2 Bb7 10.Bf4 d6 11.O-O Be7 12.Nd2 O-O 13.Rc1 Ne5 14.Qe2 Rd8 15.Be3 Neg4
16.Bf4 Ne5 17.Kh1 Ng6 18.Be3 d5 19.cxd5 exd5 20.exd5 Nxd5 21.Nxd5 Bxd5 22.Bxd5 Rxd5
23.Qf3 Qb7  1/2-1/2

[Event "Eu Team Ch (women)"]
[Site "Batumi GEO"]
[Date "1999.12.06"]
[Round "8"]
[White "Hernandez,Yu"]
[Black "Botsari,A"]
[Result "1/2-1/2"]
[WhiteElo "2231"]
[BlackElo "2309"]

1.e4 c5 2.Nf3 Nc6 3.d4 cxd4 4.Nxd4 Qc7 5.Nc3 e6 6.Be3 a6 7.Be2 Nf6 8.O-O Bb4
9.Nxc6 bxc6 10.Na4 Be7 11.Nb6 Rb8 12.Nxc8 Qxc8 13.Bd4 c5 14.Be5 Rb6 15.Bf3 d6
16.Bc3 e5 17.a4 g5 18.a5 Rc6 19.Ra4 c4 20.Qe1 h5 21.Bd1 h4 22.Bd2 Rg8 23.Kh1 Bd8
24.Qe3 Qe6 25.Be2 d5 26.exd5 Nxd5 27.Qa3 Be7 28.Qa2 h3 29.g3 Nc7 30.Bxc4 Qf5
31.Qb3 Nb5 32.Bd5 Rd6 33.Be4 Qd7 34.Be3 Kf8 35.Kg1 f5 36.Bh1 g4 37.Raa1 e4
38.c3 Rgg6 39.Rad1 Rxd1 40.Rxd1 Qe6 41.c4 Kf7 42.Rd5 Nc7 43.Rd1 Rg8 44.Bf4 Rc8
45.Qb6 Ne8 46.b3 Nf6 47.Qe3 Rd8 48.Rxd8 Bxd8 49.Qd2 Be7 50.Kf1 Qc6 51.Be5 Qd7
52.Qxd7 Nxd7 53.Bc3 Bf6 54.Be1 Bd4 55.b4 Ne5 56.b5 Nxc4 57.bxa6 Nd6 58.f3 gxf3
59.Bxf3 exf3 60.Bf2 Bxf2 61.Kxf2 Nb5 62.Kxf3 Kf6 63.Kf4 Nc7 64.a7 Nd5+ 65.Kf3 Nc7
66.g4 Kg5 67.gxf5 Kxf5 68.Kg3 Ke4 69.Kxh3 Kf3 70.Kh4 Kf4  1/2-1/2

[Event "Eu Team Ch"]
[Site "Batumi GEO"]
[Date "1999.12.06"]
[Round "8"]
[White "Shirov,A"]
[Black "Atakisi,U"]
[Result "1-0"]
[WhiteElo "2734"]
[BlackElo "2238"]

1.e4 c5 2.Nf3 Nc6 3.d4 cxd4 4.Nxd4 Qc7 5.Nc3 e6 6.Be2 a6 7.O-O Nf6 8.Be3 Bb4
9.Na4 Be7 10.Nxc6 bxc6 11.Nb6 Rb8 12.Nxc8 Qxc8 13.Bd4 c5 14.Be5 Rb6 15.Qd3 O-O
16.b3 d6 17.Bb2 Nd7 18.Rad1 Bf6 19.Bc1 a5 20.f4 Rd8 21.Qh3 a4 22.Bd3 Nf8
23.Bd2 Qa8 24.Rde1 g6 25.f5 exf5 26.exf5 Re8 27.fxg6 Bd4+ 28.Kh1 hxg6 29.Bc4 d5
30.Bxd5 Qxd5 31.Rxe8 Bg7 32.Bc3  1-0

[Event "Eu Team Ch"]
[Site "Batumi GEO"]
[Date "1999.12.06"]
[Round "8"]
[White "Kiroski,T"]
[Black "Fressinet,L"]
[Result "1/2-1/2"]
[WhiteElo "2366"]
[BlackElo "2440"]

1.e4 c5 2.Nf3 Nc6 3.d4 cxd4 4.Nxd4 Qc7 5.Nc3 e6 6.Be3 a6 7.Bd3 Nf6 8.O-O h5
9.h3 b5 10.Nxc6 Qxc6 11.a3 Bb7 12.Qe2 Bd6 13.f4 Bc5 14.Bxc5 Qxc5+ 15.Qf2 Qxf2+
16.Rxf2 d6 17.Re1 Nd7 18.Rd2 Ke7 19.Be2 Rad8 20.Red1 Nb6 21.Rd4 Bc6 22.b3 g6
23.a4 bxa4 24.Nxa4 Nxa4  1/2-1/2

[Event "ch-COL"]
[Site "Fusagasuga COL"]
[Date "1999.12.14"]
[Round "3"]
[White "Saladen,R"]
[Black "Acosta,A COL"]
[Result "1/2-1/2"]
[WhiteElo "2300"]
[BlackElo "2323"]

1.e4 c5 2.Nf3 Nc6 3.d4 cxd4 4.Nxd4 Qc7 5.Nc3 e6 6.Be2 a6 7.Be3 Nf6 8.O-O Be7
9.f4 d6 10.a4 O-O 11.Nb3 b6 12.Bf3 Rb8 13.Qe2 Re8 14.Kh1 Bf8 15.Rad1 Nb4
16.Qf2 e5  1/2-1/2

[Event "Young Masters"]
[Site "Groningen NED"]
[Date "1999.12.20"]
[Round "2"]
[White "Salmensuu,O"]
[Black "Middelburg,T"]
[Result "1/2-1/2"]
[WhiteElo "2443"]
[BlackElo "2326"]

1.e4 c5 2.Nf3 Nc6 3.d4 cxd4 4.Nxd4 Qc7 5.Nc3 e6 6.Be3 a6 7.Qd2 Nf6 8.f3 Ne5
9.O-O-O b5 10.Kb1 Bb7 11.g4 h6 12.h4 Rc8 13.Rh3 Be7 14.Qe2 Nc4 15.Bc1 Na3+
16.bxa3 Qxc3 17.g5 Nh5 18.f4 Ng3 19.Qg4 Nxe4 20.Rxc3 Nxc3+ 21.Ka1 h5 22.Qg3 Nxd1
23.c4 Bc5 24.Nb3 Bf2 25.Qd3 bxc4 26.Qxd1 cxb3 27.Bb2 O-O 28.Bd3 g6 29.Qe2 Bxh4
30.Bxg6 fxg6 31.Qe5 Kf7 32.Qg7+ Ke8 33.Bf6 Rxf6 34.gxf6 Bxf6+ 35.Qxf6 Rc1+
36.Kb2 Rc2+ 37.Kxb3 Be4 38.Qe5 Bf5 39.Qb8+ Ke7 40.Qb4+ Ke8 41.Qb8+ Ke7 42.Qb4+ Ke8  1/2-1/2

[Event "Young Masters"]
[Site "Groningen NED"]
[Date "1999.12.22"]
[Round "4"]
[White "Medvegy,N"]
[Black "Payen,A"]
[Result "1/2-1/2"]
[WhiteElo "2296"]
[BlackElo "2373"]

1.e4 c5 2.Nf3 Nc6 3.d4 cxd4 4.Nxd4 Qb6 5.Nb3 Nf6 6.Nc3 e6 7.Bd3 Bb4 8.Bd2 O-O
9.O-O a6 10.Kh1 Be7 11.f4 d6 12.a4 Qc7 13.Qf3 Nd7 14.Qh3 Nb4 15.Nd5 exd5
16.Bxb4 Nf6 17.Qe3 dxe4 18.Bxe4 Qc4 19.Bf3 Qxb4 20.Qxe7 Re8 21.Qc7 d5 22.Qc5 Qxc5
23.Nxc5 Bf5 24.c3 b6 25.Nb3 Bd3 26.Rfe1 Bc2 27.Rxe8+ Rxe8 28.Nd4 Bxa4 29.Kg1 Bb5
30.Nxb5 axb5 31.Ra6 Rb8 32.Kf2 Kf8 33.g4 h5 34.h3 hxg4 35.hxg4 Rb7 36.g5 Ne4+
37.Bxe4 dxe4 38.Ke3 Ke7 39.Kxe4 Kd6 40.Kd4 g6 41.Ra8 Rc7 42.Rb8 Rc4+ 43.Ke3 Rc6
44.Re8 Rc5 45.Re4  1/2-1/2